000 00634nam a2200241Ia 4500
003 OSt
005 20220924134652.0
006 a|||||r|||| 00| 0
007 ta
008 220923b |||||||| |||| 00| 0 tam d
024 _a285064
037 _cTextual
040 _aARTS
_cARTS
_btam
041 _2tam
_atam
082 _aO31,1M62:g, M9
100 _aNarla V R
_943237
245 0 _aGurazada
260 _c1989
650 _aTAMIL LITERATURE
700 _a Reddy Kethu Viswanatha Tr.
_9208991
942 _hO31,1M62:g, M9
_cTEXL
_2CC
999 _c438216
_d438216